Augustine (Record no. 11201)
[ view plain ]
| 000 -LEADER | |
|---|---|
| fixed length control field | 01350nam a22003254a 4500 |
| 245 00 - TITLE STATEMENT | |
| Title | Augustine |
| 260 ## - PUBLICATION, DISTRIBUTION, ETC. (IMPRINT) | |
| Place of publication | Cambridge [England] ; |
| -- | New York : |
| Name of publisher | Cambridge University Press, |
| Year of publication | 2001. |
| 300 ## - PHYSICAL DESCRIPTION | |
| Number of Pages | l, 299 p. : |
| Other physical details | map. |
| 490 1# - SERIES STATEMENT | |
| Series statement | Cambridge texts in the history of political thought |
| 700 1# - ADDED ENTRY--PERSONAL NAME | |
| Personal name | Atkins, E. M. |
| Personal name | Dodaro, Robert, |
| 856 40 - ELECTRONIC LOCATION AND ACCESS | |
| Uniform Resource Identifier | http://site.ebrary.com/lib/rucke/Doc?id=10014906 |
No items available.
